| 000 | 00940nam a2200277Ia 4500 | ||
|---|---|---|---|
| 003 | OSt | ||
| 005 | 20220918171405.0 | ||
| 006 | a|||||r|||| 00| 0 | ||
| 007 | ta | ||
| 008 | 220917b |||||||| |||| 00| 0 eng d | ||
| 020 |
_a9781606235188 (hbk) _c2736 |
||
| 024 | _a268,929 | ||
| 037 |
_bVMB/12-13/268, 18/02/2013, Vardhman Books _cTextual |
||
| 040 |
_aARTS _cARTS _beng |
||
| 041 |
_2eng _aeng |
||
| 082 | _aSN1,1:7:4, Q1 | ||
| 100 |
_aDodge Kenneth A. Ed. _936281 |
||
| 245 | 0 | _aGene environment interactions in developmental psychopathology | |
| 260 |
_aNew York _bGuilford Press U.S.A _c2011 |
||
| 300 |
_axiv, 286p. _ccm. |
||
| 490 | _aDuck series in child development and public policy | ||
| 650 | _aPSYCHOLOGY | ||
| 700 |
_a Rutter Michael Ed. _936282 |
||
| 942 |
_hSN1,1:7:4, Q1 _cTEXL _2CC |
||
| 999 |
_c139350 _d139350 |
||